000 00785nam a22002177a 4500
003 UA-OsUOA
001 86384
007 ta
008 20120831b un ||||| |||| 00| 0 ukr d
090 _a22.04
_bБ59
942 _cBK
040 _aUA-OsUOA
_bukr
_cUA-OsUOA
_dUA-OsUOA
245 _aБіблія або книги святого письма Старого й Нового заповіту
_bіз мови давньоєврейської та грецької на українську наново перекладена
300 _a296 с.
955 _a4
041 _aukr
080 _a22.04
260 _aМ.
_bВидавництво московського патріархату
_c1989
650 7 _a22 Біблія. Святе писання
_2UDC
999 _c373170
_d373170